书目信息 |
| 题名: |
教育政策基础
|
|
| 作者: | 英博 著 ;史明洁 译 | |
| 分册: | ||
| 出版信息: | 北京 教育科学出版社 2005 |
|
| 页数: | 333页 | |
| 开本: | 24cm | |
| 丛书名: | 教育政策学译丛 | |
| 单 册: | ||
| 中图分类: | G510 | |
| 科图分类: | ||
| 主题词: | 教育政策--研究 , 教育政策 | |
| 电子资源: | ||
| ISBN: | 7-5041-2486-9 | |
| 000 | 00871nam0 2200265 450 | |
| 001 | 1559146572 | |
| 005 | 20150201090449.57 | |
| 010 | @a7-5041-2486-9@dCNY35.00 | |
| 100 | @a20070706d2005 em y0chiy0120 ea | |
| 101 | 1 | @achi@ceng |
| 102 | @aCN@b110000 | |
| 105 | @ay z 000yy | |
| 200 | 1 | @a教育政策基础@AJiao Yu Zheng Ce Ji Chu@e联合国资料@ELian He Guo Zi Liao@f丹·英博(Dan E.Inbar)等著@FDan· Ying Bo (Dan E.Inbar) Deng Zhu@g史明洁等译 |
| 210 | @a北京@c教育科学出版社@d2005 | |
| 215 | @a333页@c表格@d24cm | |
| 225 | 2 | @a教育政策学译丛 |
| 410 | 0 | @12001 @a教育政策学译丛 |
| 510 | 1 | @aFundamentals of Education Policy@zeng |
| 606 | 0 | @a教育政策@x研究 |
| 606 | 0 | @a教育政策 |
| 690 | @aG510@v4 | |
| 701 | 1 | @c(以)@a英博@AYing Bo@g(Inbar, Dan E.)@4著 |
| 702 | 0 | @a史明洁@AShi Ming Jie@c(教育)@4译 |
| 801 | 0 | @aCN@bTSSF@c20150201 |
| 905 | @aZUCC@dG510@eJY1 | |
| 教育政策基础:联合国资料/丹·英博(Dan E.Inbar)等著/史明洁等译.-北京:教育科学出版社,2005 |
| 333页:表格;24cm.-(教育政策学译丛) |
| ISBN 7-5041-2486-9:CNY35.00 |
| ● |
| 相关链接 |
|
|
|
|
正题名:教育政策基础
索取号:G510/JY1
 
预约/预借
| 序号 | 登录号 | 条形码 | 馆藏地/架位号 | 状态 | 备注 |
| 1 | 7846816 | 278468169 | 学院路分馆/ [索取号:G510/JY1] | 在馆 | |
| 2 | 7860775 | 278607759 | 学院路分馆/ [索取号:G510/JY1] | 在馆 | |
| 3 | 7860776 | 278607768 | 学院路分馆/ [索取号:G510/JY1] | 在馆 | |
| 4 | 7860777 | 278607777 | 学院路分馆/ [索取号:G510/JY1] | 在馆 | |
| 5 | 7860778 | 278607786 | 学院路分馆/ [索取号:G510/JY1] | 在馆 |